| 000 | 00000nam##2200000za#4500 |
| 001 | 9.639575 |
| 003 | CaOODSP |
| 005 | 20210624222235 |
| 007 | cr ||||||||||| |
| 008 | 150407|2000||||xxc|||||o f|0| 0 fre|d |
| 040 | |aCaOODSP|bfre |
| 043 | |an-cn--- |
| 086 | 1 |aM92-232/2000F-PDF |
| 110 | 1 |aCanada. |bRessources naturelles Canada. |
| 245 | 10|aChauffer votre immeuble avec l'énergie solaire : |h[ressource électronique]|befficace, simple et économique |
| 246 | 1 |aÉnergies renouvelables |
| 260 | |aOttawa - Ontario : |bRessources naturelles Canada |cc2000. |
| 300 | |a8p.|bfigures en couleur, photographies |
| 500 | |aEn tête du titre : Énergies renouvelables. |
| 590 | |a12-15-Supp|b2012-04-13 |
| 691 | 07|aÉnergie solaire|2gcpds |
| 775 | 08|tHeating your building with solar energy : |w(CaOODSP)9.695439 |
| 776 | 0#|tChauffer votre immeuble avec l'énergie solaire : |w(CaOODSP)9.681587 |
| 856 | 40|ahttp://publications.gc.ca|qPDF|s1.04 Mo|uhttps://publications.gc.ca/collections/Collection/M92-232-2000F.pdf |
| 986 | |aM27-01-1360F |